Memoria Institucional Ideice 2025 (Record no. 14663)

MARC details
000 -LEADER
campo de control de longitud fija 01319nam a22002057a 4500
005 - FECHA Y HORA DE LA ÚLTIMA TRANSACCIÓN
campo de control 20260618090238.0
008 - DATOS DE LONGITUD FIJA--INFORMACIÓN GENERAL
campo de control de longitud fija 260618b |||||||| |||| 00| 0 spa d
020 ## - NÚMERO INTERNACIONAL ESTÁNDAR DEL LIBRO
Número Internacional Estándar del Libro 2522-3437
040 ## - FUENTE DE CATALOGACIÓN
Centro catalogador/agencia de origen Instituto Dominicano de Evaluación e Investigación de la Calidad Educativa , IDEICE
Centro/agencia transcriptor IDEICE
Normas de descripción RDA
082 ## - NÚMERO DE LA CLASIFICACIÓN DECIMAL DEWEY
Número de clasificación IDEICE 371.1 Ins59mi 2025
110 ## - ENTRADA PRINCIPAL--NOMBRE DE ENTIDAD CORPORATIVA
Nombre de entidad corporativa o nombre de jurisdicción como elemento de entrada Instituto Dominicano de Evaluación e Investigación de la Calidad Educativa , IDEICE
245 ## - MENCIÓN DEL TÍTULO
Título Memoria Institucional Ideice 2025
Mención de responsabilidad, etc. IDEICE
260 ## - PUBLICACIÓN, DISTRIBUCIÓN, ETC.
Lugar de publicación, distribución, etc. Santo Domingo, República Dominicana
Nombre del editor, distribuidor, etc. IDEICE
Fecha de publicación, distribución, etc. 2026
300 ## - DESCRIPCIÓN FÍSICA
Dimensiones 86p.
505 ## - NOTA DE CONTENIDO CON FORMATO
Nota de contenido con formato Esta publicación presenta un balance de los principales logros alcanzados por el Instituto Dominicano de Evaluación e Investigación de la Calidad Educativa (Ideice) durante el año 2025, destacando su contribución al fortalecimiento del sistema educativo preuniversitario dominicano mediante la producción de evidencia científica, la evaluación educativa y la divulgación del conocimiento.
650 ## - PUNTO DE ACCESO ADICIONAL DE MATERIA--TÉRMINO DE MATERIA
Término de materia o nombre geográfico como elemento de entrada Calidad de la educación--República Dominicana, Educación -- República Dominicana, Evaluación--República Dominicana, Memoria e Informes, Investigación e.
710 ## - ENTRADA AGREGADA--NOMBRE DE ENTIDAD CORPORATIVA
Nombre de entidad corporativa o nombre de jurisdicción como elemento de entrada IDEICE
856 ## - LOCALIZACIÓN Y ACCESO ELECTRÓNICOS
Identificador Uniforme de Recurso <a href="https://ideice.gob.do/documentacion/publicaciones-id-230-memoria-institucional-ideice-2025">https://ideice.gob.do/documentacion/publicaciones-id-230-memoria-institucional-ideice-2025</a>
942 ## - ELEMENTOS DE ENTRADA SECUNDARIOS (KOHA)
Fuente de la clasificación o esquema de estantería Clasificación Decimal Dewey
Tipo de ítem Koha Libros
Suprimir en OPAC No
Holdings
Estatus retirado Estado de pérdida Fuente de la clasificación o esquema de estantería Estado de daño No para préstamo Biblioteca de origen Biblioteca actual Fecha de adquisición Total de préstamos Visto por última vez Identificador uniforme de recursos Precio de reemplazo Tipo de ítem Koha
    Clasificación Decimal Dewey     Repositorio IDEICE Repositorio IDEICE 18/06/2026   18/06/2026 https://ideice.gob.do/documentacion/publicaciones-id-230-memoria-institucional-ideice-2025 18/06/2026 Libros

© 2024. Todos los Derechos Reservados. Desarrollado por IDEICE